[Event "IECG RN.2002.0.00014"]
[Site "IECG email"]
[Date "2002.05.28"]
[Round "?"]
[White "Vashenko, Yury"]
[Black "Nielsen, Christian Waagner"]
[Result "0-1"]
[WhiteElo "800"]
[BlackElo "800"]
[PlyCount "20"]
[EventDate "2002.05.28"]
[EventType "tourn (corr)"]
[EventRounds "6"]
[SourceTitle "Corr 2008"]
[Source "ChessBase"]
[SourceDate "2008.06.24"]
[SourceVersion "1"]
[SourceVersionDate "2008.06.24"]
[SourceQuality "1"]

1. e4 e5 2. Nf3 f5 3. d4 fxe4 4. Nxe5 d6 5. Qh5+ g6 6. Nxg6 Nf6 7. Qh4 Rg8 8. Nxf8 Rxf8 9. Bh6 Rf7 10. Bg5 d5 0-1

[Event "IECG QN.2002.0.00215"]
[Site "IECG email"]
[Date "2002.03.13"]
[Round "?"]
[White "Desrochers, Marcel"]
[Black "Vashenko, Yury"]
[Result "1-0"]
[WhiteElo "694"]
[BlackElo "800"]
[PlyCount "67"]
[EventDate "2002.03.13"]
[EventType "tourn (corr)"]
[EventRounds "6"]
[SourceTitle "Corr 2008"]
[Source "ChessBase"]
[SourceDate "2008.06.24"]
[SourceVersion "1"]
[SourceVersionDate "2008.06.24"]
[SourceQuality "1"]

1. d4 g6 2. Nf3 Bg7 3. e4 d6 4. Nc3 Bg4 5. Be2 Nd7 6. 0-0 c5 7. Be3 e5 8. dxc5 dxc5 9. Nb5 Qb6 10. Nd6+ Ke7 11. Nxf7 Kxf7 12. Ng5+ Ke7 13. Bxg4 Rd8 14. Qd5 Nh6 15. Bxd7 Rxd7 16. Bxc5+ Ke8 17. Bxb6 Rxd5 18. exd5 axb6 19. Ne6 Kf7 20. f4 exf4 21. Nxg7 Kxg7 22. Rxf4 Nf5 23. c4 Re8 24. b4 Rc8 25. Re1 Ra8 26. Re6 Rxa2 27. g4 Ra1+ 28. Rf1 Rxf1+ 29. Kxf1 Nd4 30. Rxb6 Nf3 31. Rxb7+ Kh6 32. Kg2 Ne5 33. c5 Nxg4 34. d6 1-0

[Event "IECG QN.2002.0.00215"]
[Site "IECG email"]
[Date "2002.03.13"]
[Round "?"]
[White "Garcia Alonso, Juan Luis"]
[Black "Vashenko, Yury"]
[Result "1-0"]
[WhiteElo "800"]
[BlackElo "800"]
[PlyCount "76"]
[EventDate "2002.03.13"]
[EventType "tourn (corr)"]
[EventRounds "6"]
[SourceTitle "Corr 2008"]
[Source "ChessBase"]
[SourceDate "2008.06.24"]
[SourceVersion "1"]
[SourceVersionDate "2008.06.24"]
[SourceQuality "1"]

1. e4 e5 2. Nf3 d6 3. d4 exd4 4. Nxd4 Nf6 5. Bg5 Be7 6. Bd3 0-0 7. Nc3 a6 8. Qd2 Ng4 9. Nf3 Ne5 10. Bxe7 Qxe7 11. Nxe5 Qxe5 12. 0-0-0 Be6 13. f4 Qa5 14. a3 b5 15. e5 b4 16. Ne4 Nc6 17. exd6 cxd6 18. Nxd6 bxa3 19. Qxa5 axb2+ 20. Kxb2 Nxa5 21. f5 Rab8+ 22. Kc3 Bd5 23. f6 g6 24. Bxa6 Bxg2 25. Rhg1 Bh3 26. Rg5 Nc6 27. Bb7 Nd8 28. Bf3 Ne6 29. Rg3 Nf4 30. Rd4 Rfc8+ 31. Nxc8 Rxc8+ 32. Kd2 Ne6 33. Rd5 Bf1 34. Bg4 Rc6 35. Bxe6 fxe6 36. Rd8+ Kf7 37. Rd7+ Ke8 38. f7+ Kf8 1-0

[Event "IECG QN.2002.0.00215"]
[Site "IECG email"]
[Date "2002.03.13"]
[Round "?"]
[White "Vashenko, Yury"]
[Black "Garcia Alonso, Juan Luis"]
[Result "0-1"]
[WhiteElo "800"]
[BlackElo "800"]
[PlyCount "58"]
[EventDate "2002.03.13"]
[EventType "tourn (corr)"]
[EventRounds "6"]
[SourceTitle "Corr 2008"]
[Source "ChessBase"]
[SourceDate "2008.06.24"]
[SourceVersion "1"]
[SourceVersionDate "2008.06.24"]
[SourceQuality "1"]

1. e4 c5 2. Bc4 Nc6 3. Ne2 e5 4. d3 a6 5. a3 Nf6 6. c3 b5 7. Ba2 d6 8. b4 Be7 9. 0-0 0-0 10. Bg5 Ng4 11. f3 Bxg5 12. fxg4 Bxg4 13. h3 Be6 14. Bxe6 fxe6 15. Nd2 Rxf1+ 16. Nxf1 Qf6 17. Neg3 Rf8 18. Qe2 d5 19. Nh2 d4 20. c4 bxc4 21. bxc5 Be3+ 22. Kh1 Qg6 23. Ng4 Bf4 24. Kh2 c3 25. Rf1 c2 26. Qxc2 Bxg3+ 27. Kxg3 Rxf1 28. Kh2 Qf7 29. Qa4 Qf4+ 0-1